Metódy merania inflácie a ekonometrické modelovanie inflácie dizertačná práca

Na minha lista:
Detalhes bibliográficos
Autor principal: König, Brian, 1983-
Autor Corporativo: Ekonomická univerzita v Bratislave. Fakulta hospodárskej informatiky
Outros Autores: Husár, Jaroslav
Formato: Livro
Idioma:eslovaco
Publicado em: Bratislava 2010
Assuntos:
Tags: Adicionar Tag
Sem tags, seja o primeiro a adicionar uma tag!

MARC

LEADER 00000nam$a2200000$$$4500
001 0117988
005 20240502072323.9
041 0 |a slo 
044 |a SK 
245 1 0 |a Metódy merania inflácie a ekonometrické modelovanie inflácie  |b dizertačná práca  |c Brian König ; škol. Jaroslav Husár 
264 1 |a Bratislava  |c 2010 
300 |a 136 s. 
610 2 0 |a inflácia 
610 2 0 |a modelovanie ekonometrické 
100 1 |a König, Brian, 1983- 
700 1 |a Husár, Jaroslav 
710 2 |a Ekonomická univerzita v Bratislave. Fakulta hospodárskej informatiky